00837nam a2200229 i 450000100060000000300090000600500170001500700030003200800410003502000180007604000220009408000110011610000440012724500950017126000330026630000600029950400400035965100360039985200330043599900170046895201220048554806ES-MaACL20250831014813.0t|040114s2002 sp ||||0| spa d a84-7455-082-3 aM-BN bspa cM-BN a94(73)1 aHernández Alonso, Juan José.96287614aLos Estados Unidos de América b: historia y cultura / cJuan José Hernández Alonso. aSalamanca : bAlmar, c2002. a818 p., [14] p. de lám : blám. col. y n ; c24 cm. aBibliografía: p. 741-776. Indice. 4aEstados Unidos-xHistoria98540 aES-MaACLjL-26798 bR.132419 c54806d54806 00104070aATENEOMbATENEOMcDEPO2d2008-01-17eSCl0oL-26798p1057589r2023-02-23 00:00:00w2023-02-23yMONOGRAFIA